Trouvez ces villes historiques #2 - Statistiques

Statistiques générales
  • Ce quiz a été pris 51 fois
  • Le résultat moyen est 6 sur 15
Statistiques - réponses
Question Réponse % Correct
Les cris "Vive la Pucelle !" retentissent dans la ville après un long siège remporté par l'armée française en 1429. Orléans
91%
Le Christ Rédempteur se dresse au-dessus de cette ville, sur le mont Corcovado. Rio de Janeiro
81%
Ville où un illustre empereur français est né, en 1769. Ajaccio
68%
Capitale islandaise, où se pratique le commerce de la laine et la pêche dès le IXème siècle. Reykjavik
66%
Ville reliée à Moscou par la voie ferroviaire en 1903 par la ligne transsibérienne, située à l'extrême Est de l'Empire russe. Vladivostok
55%
Première enclave espagnole au Maroc actuel, avec Melilla. Ceuta
51%
Cité péruvienne, ancienne capitale inca qui reste un carrefour commercial majeur même après la chute de l'Empire. Cuzco
38%
Ville la plus peuplée d'Alaska, d'origine russe avant de passer sous contrôle américain en 1867. Anchorage
34%
Commençant également par un "R", cité italienne qui bénéficie momentanément du statut de capitale de l'Empire romain d'Occident pendant le Bas-Empire. Ravenne
30%
Une célèbre conférence se déroule dans cette capitale, du 28 novembre au 1er décembre 1943. Téhéran
19%
Première capitale impériale choisie par Gengis Khan, en Mongolie actuelle. Karakorum
9%
Cité byzantine, tombant aux mains des Turcs seldjoukides en 1071. Manzikert
9%
Une sanglante bataille entre l'État Teutonique et le royaume de Pologne-Lituanie a lieu en 1410. Grunwald
4%
Signifiant "la Victorieuse", ville où le roi Saint-Louis est capturé en 1250 pendant la septième croisade. Mansourah
4%
Première capitale de l'Empire Pala en Inde, lui-même fondé en 750. Gaur
2%
Aucun quiz correspondant
Distribution des résultats
% des personnes avec chaque résultat
Percentile par nombre de réponses
Votre historique - résultats
Vous n’avez pas pris ce quiz